[Event "SVR-ch MTA"]
[Site "Lahnstein"]
[Date "2019.04.13"]
[Round "1"]
[White "Marquardt, Christian"]
[Black "Thieme Garmann, Alexander"]
[Result "1/2-1/2"]
[WhiteElo "2091"]
[BlackElo "2024"]
[PlyCount "44"]
[EventDate "2019.04.13"]
[EventType "tourn"]
[EventRounds "7"]
[EventCountry "GER"]
[SourceTitle "EXT 2021"]
[Source "ChessBase"]
[SourceDate "2020.10.23"]
[SourceVersion "1"]
[SourceVersionDate "2020.10.23"]
[SourceQuality "1"]

1. d4 e6 2. Nf3 f5 3. g3 Nf6 4. Bg2 Be7 5. c4 d5 6. 0-0 c6 7. Qc2 0-0 8. Ne5 Ne4 9. Nd2 Nd7 10. Nd3 Ndf6 11. Nf3 Qe8 12. Nfe5 Nd6 13. a4 a5 14. b3 Nf7 15. Ba3 Bxa3 16. Rxa3 Nxe5 17. Nxe5 Qe7 18. Raa1 Bd7 19. Rac1 Be8 20. cxd5 exd5 21. Qc5 Qxc5 22. Rxc5 Nd7 1/2-1/2

[Event "SVR-ch MT-A"]
[Site "Hennweiler"]
[Date "2018.03.31"]
[Round "7"]
[White "Thieme Garmann, Alexander"]
[Black "Ronge, Tim Hendrick"]
[Result "0-1"]
[WhiteElo "2019"]
[BlackElo "2109"]
[PlyCount "126"]
[EventDate "2018.03.24"]
[EventType "tourn"]
[EventRounds "7"]
[EventCountry "GER"]
[SourceTitle "EXT 2020"]
[Source "ChessBase"]
[SourceDate "2019.10.17"]
[SourceVersion "1"]
[SourceVersionDate "2019.10.17"]
[SourceQuality "1"]

1. e4 c5 2. Nc3 Nc6 3. g3 g6 4. d3 Bg7 5. Be3 d6 6. Qd2 Rb8 7. Bg2 e5 8. h3 Be6 9. Nge2 Nd4 10. Nc1 Ne7 11. Nd1 0-0 12. c3 Ndc6 13. 0-0 Qd7 14. Kh2 f5 15. f4 exf4 16. gxf4 b5 17. Ne2 b4 18. Nf2 bxc3 19. bxc3 Qb7 20. Rac1 Qa6 21. Rc2 Qa4 22. Ng3 h6 23. h4 Kh7 24. Nh3 c4 25. d4 fxe4 26. Nxe4 Nf5 27. Bf2 Nce7 28. Neg5+ hxg5 29. Nxg5+ Kg8 30. Nxe6 Rf7 31. Ng5 Rff8 32. Rb2 Qa5 33. Rfb1 Rxb2 34. Rxb2 Nd5 35. Rb7 Re8 36. Rxa7 Qxa7 37. Bxd5+ Kh8 38. h5 Bf6 39. Bf7 Ra8 40. Bxc4 Bxg5 41. fxg5 gxh5 42. Qe2 Kg7 43. Be6 Rf8 44. d5 Qe7 45. Qd2 Kg6 46. a4 Ra8 47. Bb6 Qxg5 48. Qxg5+ Kxg5 49. a5 Kf6 50. Bd7 Ne7 51. c4 Ke5 52. Kh3 Nc8 53. Bf2 Ke4 54. Kh4 Kd3 55. c5 dxc5 56. Bb5+ c4 57. Bd7 c3 58. Bf5+ Kd2 59. Bg3 c2 60. d6 c1Q 61. Bf4+ Kd1 62. Bxc1 Kxc1 63. Be4 Ra7 0-1

[Event "SVR-ch MTA"]
[Site "Trier"]
[Date "2016.03.25"]
[Round "6"]
[White "Thieme Garmann, Alexander"]
[Black "Thoennes, Frank"]
[Result "0-1"]
[WhiteElo "2069"]
[BlackElo "2061"]
[PlyCount "142"]
[EventDate "2016.03.19"]
[EventType "tourn"]
[EventRounds "7"]
[EventCountry "GER"]
[SourceTitle "CBM 171 Extra"]
[Source "ChessBase"]
[SourceDate "2016.04.26"]
[SourceVersion "1"]
[SourceVersionDate "2016.04.26"]
[SourceQuality "1"]

1. e4 c5 2. Nf3 d6 3. c3 Qa5 4. Na3 a6 5. Nc4 Qc7 6. a4 Bg4 7. Be2 Nd7 8. 0-0 Ngf6 9. d3 b6 10. Re1 e6 11. h3 Bh5 12. Bf4 e5 13. Bh2 Be7 14. g4 Bg6 15. Ne3 h6 16. Nd2 Bh7 17. Ndf1 g5 18. Ng3 Bg6 19. Ngf5 Rh7 20. Bf3 Nf8 21. d4 Rd8 22. dxe5 dxe5 23. Qe2 a5 24. Qb5+ N8d7 25. Rad1 Kf8 26. Nc4 h5 27. Bg3 hxg4 28. hxg4 Re8 29. Kg2 Bd8 30. Re2 Qa7 31. Ncd6 Re6 32. Red2 Bc7 33. Nc4 Nb8 34. Nce3 Nc6 35. Nd5 Qb8 36. Nxf6 Rxf6 37. Ne3 Re6 38. Rd7 Qc8 39. R7d2 f6 40. Nd5 Ne7 41. Qc4 Nc6 42. Rh1 Rxh1 43. Kxh1 Bd8 44. Bd1 Re8 45. f3 Kg7 46. Bb3 Qb7 47. Rh2 Na7 48. Ne3 Nc8 49. Qd3 Qe7 50. Bd5 Nd6 51. Kg1 Rf8 52. Qf1 Rh8 53. Rd2 Bc7 54. Bb3 Qf8 55. Bd5 Qe8 56. Bb3 Rh7 57. Nf5+ Bxf5 58. exf5 Qc6 59. Rh2 Rxh2 60. Kxh2 c4 61. Bc2 b5 62. Qd1 b4 63. Be4 Nxe4 64. fxe4 b3 65. Qd5 Qxd5 66. exd5 Bd6 67. Bf2 Ba3 68. Bb6 Kf7 69. Bxa5 Bxb2 70. Bb4 Bc1 71. d6 Ke8 0-1

[Event "Goch op 24th"]
[Site "Goch"]
[Date "2013.09.08"]
[Round "7"]
[White "Frericks, Harald"]
[Black "Thieme Garmann, Alexander"]
[Result "1-0"]
[WhiteElo "2266"]
[BlackElo "2062"]
[PlyCount "49"]
[EventDate "2013.09.05"]
[EventType "swiss"]
[EventRounds "7"]
[EventCountry "GER"]
[SourceTitle "EXT 2015"]
[Source "ChessBase"]
[SourceDate "2014.11.20"]
[SourceVersion "1"]
[SourceVersionDate "2014.11.20"]
[SourceQuality "1"]

1. e4 e6 2. d4 d5 3. e5 c5 4. c3 Qb6 5. Nf3 Nc6 6. a3 c4 7. Nbd2 f6 8. b3 cxb3 9. Nxb3 Bd7 10. Bd3 Rc8 11. 0-0 Na5 12. Nxa5 Qxa5 13. Bd2 Qc7 14. Re1 Ne7 15. exf6 gxf6 16. Nh4 Kd8 17. Qh5 Qd6 18. Qf7 Ng8 19. Rab1 Kc7 20. g3 Bh6 21. Bxh6 Nxh6 22. Qg7 Qf8 23. Rxb7+ Kxb7 24. Qxd7+ Ka8 25. Ba6 1-0

[Event "BL2-West 1213"]
[Site "Germany"]
[Date "2013.03.17"]
[Round "8.8"]
[White "Thieme Garmann, Alexander"]
[Black "Rotstein, Arkadij"]
[Result "0-1"]
[WhiteElo "2076"]
[BlackElo "2510"]
[PlyCount "76"]
[EventDate "2012.10.14"]
[EventType "team-tourn"]
[EventRounds "9"]
[EventCountry "GER"]
[SourceTitle "CBM 154 Extra"]
[Source "ChessBase"]
[SourceDate "2013.06.25"]
[SourceVersion "2"]
[SourceVersionDate "2013.06.25"]
[SourceQuality "1"]
[WhiteTeam "Koblenz"]
[BlackTeam "Koeln Porz"]
[WhiteTeamCountry "GER"]
[BlackTeamCountry "GER"]

1. e4 c5 2. Nc3 e6 3. d3 Nc6 4. Nf3 Nf6 5. Be2 Be7 6. 0-0 0-0 7. Re1 d6 8. Bf1 b6 9. h3 Bb7 10. Bf4 Nd7 11. Bg3 Nde5 12. Nd2 Bf6 13. f4 Ng6 14. Nf3 Nd4 15. Kh1 Qd7 16. a4 Bc6 17. Nd2 d5 18. Nb5 Nxb5 19. axb5 Bxb5 20. e5 Be7 21. c3 f6 22. c4 Bc6 23. cxd5 Qxd5 24. Nc4 fxe5 25. Nxe5 Nxe5 26. Rxe5 Qd7 27. Qg4 Rf6 28. f5 Rxf5 29. Rxf5 exf5 30. Qf4 Bf6 31. Re1 Bxb2 32. Bh4 Re8 33. Rxe8+ Qxe8 34. Qxf5 Bd4 35. Bg5 a5 36. h4 a4 37. Qg4 a3 38. Qd1 a2 0-1

[Event "SVR-ch MTA 35th"]
[Site "Nickenich"]
[Date "2012.04.05"]
[Round "6"]
[White "Barzen, Pascal"]
[Black "Thieme Garmann, Alexander"]
[Result "1-0"]
[WhiteElo "2036"]
[BlackElo "2032"]
[PlyCount "81"]
[EventDate "2012.03.30"]
[EventType "tourn"]
[EventRounds "9"]
[EventCountry "GER"]
[SourceTitle "EXT 2013"]
[Source "ChessBase"]
[SourceDate "2012.11.22"]
[SourceVersion "1"]
[SourceVersionDate "2012.11.22"]
[SourceQuality "1"]

1. e4 d5 2. exd5 Nf6 3. Bc4 g6 4. Nc3 Bg7 5. Nf3 0-0 6. 0-0 Bg4 7. h3 Bxf3 8. Qxf3 Nbd7 9. Re1 Ne8 10. Bb3 Nd6 11. d3 a5 12. a3 Nf5 13. Be3 Ra6 14. Rab1 Nd4 15. Bxd4 Bxd4 16. Qe4 Bf6 17. Bc4 Ra8 18. h4 Nb6 19. h5 Kg7 20. Ne2 Qd7 21. hxg6 hxg6 22. Nf4 Rh8 23. Re3 Rh6 24. Rh3 Rah8 25. c3 Rxh3 26. Nxh3 Rh4 27. f4 Rh5 28. Nf2 Qd6 29. Bb3 g5 30. Bd1 Rh8 31. fxg5 Bxg5 32. Bf3 Rh4 33. Ng4 Nxd5 34. Qf5 Be3+ 35. Nxe3 Qh2+ 36. Kf2 Nf4 37. Ng4 Nh3+ 38. Ke2 Nf4+ 39. Kd2 Qg3 40. Rd1 b6 41. Kc1 1-0

[Event "SVR-ch MTA 35th"]
[Site "Nickenich"]
[Date "2012.04.01"]
[Round "4"]
[White "Lutz, Oliver"]
[Black "Thieme Garmann, Alexander"]
[Result "1/2-1/2"]
[WhiteElo "1937"]
[BlackElo "2032"]
[PlyCount "86"]
[EventDate "2012.03.30"]
[EventType "tourn"]
[EventRounds "9"]
[EventCountry "GER"]
[SourceTitle "EXT 2013"]
[Source "ChessBase"]
[SourceDate "2012.11.22"]
[SourceVersion "1"]
[SourceVersionDate "2012.11.22"]
[SourceQuality "1"]

1. Nc3 d5 2. e4 d4 3. Nce2 e5 4. Nf3 f6 5. Ng3 Be6 6. Bb5+ c6 7. Ba4 Nd7 8. Bb3 Bxb3 9. axb3 d3 10. 0-0 dxc2 11. Qxc2 Qb6 12. Qc4 c5 13. d3 g6 14. h4 Bh6 15. h5 Bxc1 16. Raxc1 Ne7 17. Nh2 Qd6 18. Ne2 a6 19. Ng4 b5 20. Qc3 Nc6 21. Ne3 Nd4 22. Rfe1 0-0 23. Nd5 Kg7 24. b4 Rac8 25. Nxd4 exd4 26. Qa3 c4 27. dxc4 bxc4 28. Red1 d3 29. b3 cxb3 30. Qxb3 Qe5 31. h6+ Kxh6 32. Qxd3 Kg7 33. Qxa6 Rxc1 34. Rxc1 Qxe4 35. Qb7 Rf7 36. Rc7 Qe1+ 37. Kh2 Ne5 38. Rxf7+ Nxf7 39. Kg3 h5 40. b5 h4+ 41. Kf3 Qd1+ 42. Ke3 Qe1+ 43. Kf3 Qd1+ 1/2-1/2

[Event "SVR-ch MTA 35th"]
[Site "Nickenich"]
[Date "2012.03.31"]
[Round "2"]
[White "Thieme Garmann, Alexander"]
[Black "Roos, Thomas"]
[Result "0-1"]
[WhiteElo "2032"]
[BlackElo "2134"]
[PlyCount "106"]
[EventDate "2012.03.30"]
[EventType "tourn"]
[EventRounds "9"]
[EventCountry "GER"]
[SourceTitle "EXT 2013"]
[Source "ChessBase"]
[SourceDate "2012.11.22"]
[SourceVersion "1"]
[SourceVersionDate "2012.11.22"]
[SourceQuality "1"]

1. e4 c5 2. Nf3 d6 3. c3 Nf6 4. Bd3 g6 5. Bc2 Bg7 6. 0-0 0-0 7. Re1 Nbd7 8. d4 Ne8 9. e5 cxd4 10. cxd4 Nb6 11. Nc3 Nc7 12. Bg5 f6 13. exd6 Qxd6 14. Bh4 e6 15. Rc1 Bh6 16. Ne4 Qd8 17. Bb3 Bxc1 18. Qxc1 Ncd5 19. Qh6 Qe7 20. Bg3 Qg7 21. Qd2 a5 22. a3 a4 23. Ba2 Qf7 24. h4 Bd7 25. Nd6 Qg7 26. Nxb7 Ra7 27. Nc5 Qf7 28. Ne4 Bc8 29. Rc1 Rd8 30. Nd6 Qe7 31. Bxd5 exd5 32. Qb4 Nc4 33. Nxc4 Qxb4 34. axb4 dxc4 35. Rxc4 Be6 36. Rc6 Kf7 37. Bd6 Rc8 38. Rb6 Rc1+ 39. Kh2 Rc2 40. Bc5 Rd7 41. Ra6 Bb3 42. b5 Rxb2 43. b6 Rxf2 44. Bd6 Bd5 45. Kg3 Rb2 46. Bc5 Bc6 47. b7 Bxb7 48. Rxa4 h6 49. Ra3 g5 50. hxg5 hxg5 51. Re3 Bd5 52. Re1 Rdb7 53. Rh1 R7b3 0-1

[Event "SVR-ch MTA 35th"]
[Site "Nickenich"]
[Date "2012.03.30"]
[Round "1"]
[White "Schlick, Volker"]
[Black "Thieme Garmann, Alexander"]
[Result "1-0"]
[WhiteElo "2233"]
[BlackElo "2032"]
[PlyCount "57"]
[EventDate "2012.03.30"]
[EventType "tourn"]
[EventRounds "9"]
[EventCountry "GER"]
[SourceTitle "EXT 2013"]
[Source "ChessBase"]
[SourceDate "2012.11.22"]
[SourceVersion "1"]
[SourceVersionDate "2012.11.22"]
[SourceQuality "1"]

1. g3 g6 2. Bg2 Bg7 3. e4 e5 4. Ne2 Ne7 5. d4 d6 6. Nbc3 0-0 7. Bg5 h6 8. Be3 Nbc6 9. d5 Nb8 10. f4 f5 11. Qd2 Kh7 12. fxe5 dxe5 13. 0-0-0 Rf6 14. h4 Qf8 15. Bg5 Rd6 16. Bxe7 Qxe7 17. h5 Na6 18. Rdf1 Bf6 19. hxg6+ Kg8 20. Kb1 Bg5 21. Qd1 f4 22. gxf4 exf4 23. Nxf4 Bxf4 24. Rxf4 Rxg6 25. Rhf1 Bd7 26. Qf3 Qg5 27. Bh3 Bxh3 28. Qxh3 Re8 29. Qf3 1-0

[Event "Rheinland Pfalz op 3rd"]
[Site "Gau Algesheim"]
[Date "2011.07.29"]
[Round "2"]
[White "Nabinger, Matthias"]
[Black "Thieme Garmann, Alexander"]
[Result "0-1"]
[WhiteElo "1712"]
[BlackElo "2133"]
[PlyCount "82"]
[EventDate "2011.07.28"]
[EventType "swiss"]
[EventRounds "7"]
[EventCountry "GER"]
[SourceTitle "EXT 2013"]
[Source "ChessBase"]
[SourceDate "2012.11.22"]
[SourceVersion "1"]
[SourceVersionDate "2012.11.22"]
[SourceQuality "1"]

1. e4 d5 2. exd5 Nf6 3. Nf3 Nxd5 4. d4 g6 5. c3 Bg7 6. Bd3 Nc6 7. Bg5 h6 8. Bh4 Nf4 9. 0-0 Nxd3 10. Qxd3 0-0 11. Nbd2 Bf5 12. Qe2 Qd7 13. Nc4 Rae8 14. Rad1 Bg4 15. Ne3 Bh5 16. h3 g5 17. Bg3 Rd8 18. Bh2 f6 19. g4 Bg6 20. d5 Ne5 21. Nxe5 fxe5 22. Qc4 Kh7 23. f3 Qd6 24. Rf2 Qb6 25. Qe2 Qc5 26. c4 Rf7 27. a3 a5 28. Nc2 a4 29. Nb4 e4 30. Kg2 exf3+ 31. Rxf3 Rxf3 32. Kxf3 Rf8+ 33. Kg2 c6 34. Bg1 Qa5 35. Qxe7 Re8 36. Qxb7 Be4+ 37. Kg3 cxd5 38. Bd4 Rg8 39. cxd5 Qd8 40. Bxg7 Rxg7 41. Qc6 Qf8 0-1